Proměny českého a polského pivovarnictví - důsledek globalizace?
Geografia pivovarníctva v Európe po roku 1990. Minipivovary ako prejav odporu voči globalizácii. Vývoj počtu pivovarov v európskych regiónoch. Prejavy neolokalizmu a glokalizácie na príklade českých a poľských minipivovarov.
Salvato in:
| Autore principale: | |
|---|---|
| Altri autori: | |
| Natura: | Capitolo di libro |
| Lingua: | ceco |
| Soggetti: | |
| Tags: |
Nessun Tag, puoi essere il primo ad aggiungerne!!
|
MARC
| LEADER | 00000naa a2200000 4500 | ||
|---|---|---|---|
| 001 | 0278396 | ||
| 005 | 20250320171832.8 | ||
| 041 | 0 | |a cze | |
| 044 | |a CZ | ||
| 245 | 1 | 0 | |a Proměny českého a polského pivovarnictví - důsledek globalizace? |c Kryštof Materna, Jiří Hasman |
| 520 | |a Geografia pivovarníctva v Európe po roku 1990. Minipivovary ako prejav odporu voči globalizácii. Vývoj počtu pivovarov v európskych regiónoch. Prejavy neolokalizmu a glokalizácie na príklade českých a poľských minipivovarov. | ||
| 610 | 2 | 0 | |a pivovarníctvo |
| 610 | 2 | 0 | |a pivovary |
| 610 | 2 | 0 | |a Česko |
| 610 | 2 | 0 | |a Poľsko |
| 610 | 2 | 0 | |a globalizácia |
| 610 | 2 | 0 | |a glokalizácia |
| 100 | 1 | |a Materna, Kryštof | |
| 700 | 1 | |a Hasman, Jiří | |